| 000 | 00000nam 2200000za 4500 |
| 001 | 9.699346 |
| 003 | CaOODSP |
| 005 | 20210625000335 |
| 007 | cr ||||||||||| |
| 008 | 150407|1989||||xxc|||||o f|0| 0 eng d |
| 040 | |aCaOODSP|beng |
| 043 | |an-cn--- |
| 086 | 1 |aA15-1836/1989E-PDF |
| 110 | 1 |aCanada.|bAgriculture Canada.|bResearch Branch. |
| 245 | 10|aHandling agricultural materials. Liquid conveyors |h[electronic resource] / |cby Sharon Rudnitski (staff editor), Rhonda Birenbaum (contract editor) and L. Heslop (scientific adviser for contract research). |
| 260 | |aOttawa - Ontario : |bAgriculture Canada. |c1989. |
| 300 | |a56p.|bfigs., graphs, references, tables |
| 500 | |aHistorical publication digitized by Agriculture and Agri-Food Canada. -- "Previously published as: Canadian agricultural materials handling manual. 2.5. Liquid conveyors."--p. 4 of 56. -- "This section was prepared by UMA Engineering Ltd., Winnipeg, Man., for the Canada Committee on Agricultural Engineering Services of the Canadian Agricultural Services Coordinating Committee."--p. 7 of 56. |
| 590 | |a14-11-Supp|b2014-05-21 |
| 690 | 07|aAgricultural technology|2gcpds |
| 775 | 08|tManutention de produits agricoles. Transporteurs de liquides / |w(CaOODSP)9.643336 |
| 856 | 40|ahttp://publications.gc.ca|qPDF|s3.2 MB|uhttps://publications.gc.ca/collections/collection_2014/aac-aafc/agrhist/A15-1836-1989-eng.pdf |
| 986 | |a1836/E |